Let's have a chat (Record no. 68496)

MARC details
000 -LEADER
fixed length control field 01016cam a2200217 4500
001 - CONTROL NUMBER
control field ABS64491
008 - FIXED-LENGTH DATA ELEMENTS--GENERAL INFORMATION
fixed length control field 011005n2001 000 0 eng u
035 ## - SYSTEM CONTROL NUMBER
System control number (Sirsi) u115016
100 ## - MAIN ENTRY--PERSONAL NAME
Personal name Scott, P.
245 ## - TITLE STATEMENT
Title Let's have a chat
260 ## - PUBLICATION, DISTRIBUTION, ETC.
Date of publication, distribution, etc. 2001
490 ## - SERIES STATEMENT
Series statement Estates Gazette
Volume/sequential designation (0139) 29 September 2001, 124-125(2)
520 ## - SUMMARY, ETC.
Summary, etc. Suggests that, particularly in the current economic climate with recession threatening, many professional firms need to address the issue of underperforming partners. For partner underperformance affects every aspect of a company - its business, its employees' well-being and its future. Suggests that many firms currently accept levels of performance from partners that are unacceptable. Looks at setting standards, and suggests how partners' performances can be assessed and measured.
590 ## - LOCAL NOTE (RLIN)
Local note ABS
650 ## - SUBJECT ADDED ENTRY--TOPICAL TERM
Topical term or geographic name entry element PARTNERS
650 ## - SUBJECT ADDED ENTRY--TOPICAL TERM
Topical term or geographic name entry element ASSESSMENTS
650 ## - SUBJECT ADDED ENTRY--TOPICAL TERM
Topical term or geographic name entry element PERFORMANCE
650 ## - SUBJECT ADDED ENTRY--TOPICAL TERM
Topical term or geographic name entry element HUMAN RESOURCES
690 ## - LOCAL SUBJECT ADDED ENTRY--TOPICAL TERM (OCLC, RLIN)
Topical term or geographic name as entry element MANAGEMENT-BUSINESS MANAGEMENT
942 ## - ADDED ENTRY ELEMENTS (KOHA)
Suppress in OPAC 0
Holdings
Withdrawn status Lost status Source of classification or shelving scheme Damaged status Not for loan Home library Current library Shelving location Date acquired Total Checkouts Full call number Barcode Date last seen Copy number Price effective from Koha item type
    Dewey Decimal Classification     London London Journal article 05/10/2001   ABS64491 115016-1001 06/08/2019 1 06/08/2019 Journal article